00417nam a22001697a 450000500170000001000150001702000260003203500140005803700130007208200110008510000180009624500550011425000090016926000240017827000220020230000230022420240813101800.0 aENG-129714 c320.00a9788194476443 aEN-113246 bDBAD/PUB a488.24 aGupta, Nikhil aBlack Book Of English Vocabulary/cBy Nikhil Gupta a2021 bGupta EduTechc2021 msupport@qmaths.in a496 p.c24cm (pbk)